| 000 | 00424nam a2200181Ia 4500 | ||
|---|---|---|---|
| 008 | 220805s9999 xx 000 0 und d | ||
| 020 | _a3-8228-5507-3 | ||
| 041 | _aeng | ||
| 082 | _a749.3209 | ||
| 100 |
_aCharlotte _987363 |
||
| 260 |
_aItaly _bTaschen Gmbh _c2002 |
||
| 245 | _aChairs | ||
| 250 | _a1 | ||
| 300 | _a191 | ||
| 650 |
_aChair design _987364 |
||
| 650 |
_aFurniture _987365 |
||
| 700 |
_aFiell, Peter _987366 |
||
| 999 |
_c48014 _d48014 |
||